Hollywood, Nebraska /

Two fortysomething actresses have returned to their once-thriving hometown in rural Nebraska. Jane is in from Los Angeles to check on her ailing mom, Alma. Andrea's back from New York City to bury her father. Distracted by two charismatic local men--a handsome widower and a rough-and-ready labo...

Full description

Bibliographic Details
Main Author: Jones, Kenneth (Playwright) (Author)
Format: Book
Language:English
Published: [New York] : Broadway Licensing Global, [2025]
Edition:DPS acting edition
Subjects:

MARC

Tag First Indicator Second Indicator Subfields
LEADER 00000cam a2200000 i 4500
001 in00005656321
008 250305s2025 nyu 000 d eng d
005 20250804223541.6
035 |a (OCoLC)on1504402914 
040 |a OSZ  |b eng  |e rda  |c OSZ  |d OSZ  |d OCLCO  |d IND 
020 |a 9780822244851 
020 |a 0822244853 
035 |a (OCoLC)1504402914 
050 4 |a PS3610.O62645  |b H65 2025 
082 4 |a 812/.6  |2 23/eng/20250506 
100 1 |a Jones, Kenneth  |c (Playwright),  |e author. 
245 1 0 |a Hollywood, Nebraska /  |c by Kenneth Jones. 
250 |a DPS acting edition 
264 1 |a [New York] :  |b Broadway Licensing Global,  |c [2025] 
264 4 |c ©2025 
300 |a 90 pages ;  |c 20 cm 
336 |a text  |b txt  |2 rdacontent 
337 |a unmediated  |b n  |2 rdamedia 
338 |a volume  |b nc  |2 rdacarrier 
500 |a Cast: 2 men, 4 women. 
520 |a Two fortysomething actresses have returned to their once-thriving hometown in rural Nebraska. Jane is in from Los Angeles to check on her ailing mom, Alma. Andrea's back from New York City to bury her father. Distracted by two charismatic local men--a handsome widower and a rough-and-ready laborer--the old friends navigate complicated feelings about their careers, love, and loss, leading to an overdue showdown between Jane and her mother. HOLLYWOOD, NEBRASKA is a hope-filled, tears-and-laughter comedy about small towns and big dreams, parents and children, the urge to be creative, and the ache--and joy--of coming home.--  |c Provided by publisher. 
650 0 |a Actresses  |v Drama. 
650 0 |a Mothers and daughters  |v Drama. 
650 0 |a Man-woman relationships  |v Drama. 
651 0 |a Nebraska  |v Drama. 
655 7 |a Drama.  |2 lcgft 
655 7 |a Théâtre.  |2 rvmgf  |0 (CaQQLa)RVMGF-000000474 
852 8 |b POD  |z This title is available for the library to purchase for your use. Click the "Purchase It For Me" button to place a request. This item will take 5-10 business days to arrive. 
955 |a Print PDA title 
961 |m 565730 
999 f f |s 57b92890-6a5b-47cf-ab88-4881fbb3c215  |i 09273076-02fc-4d37-8f28-5f3f3a659581  |t 0 
952 f f |a Texas A&M University  |b College Station  |c Sterling C. Evans Library  |d Purchase on Demand  |t 0  |e PS3610.O62645 H65 2025  |h Library of Congress classification 
998 f f |a PS3610.O62645 H65 2025  |t 0  |l Purchase on Demand